000 00669nam a22001817a 4500
003 OSt
005 20250902141940.0
008 240820b ||||| |||| 00| 0 eng d
040 _c0
082 _aDPer 364.05 J826 Summer-Fall 2019 v. 109 n. 3-4
100 _a Levin, Benjamin.
_eauthor.
_958529
245 _aMens rea reform and its discontents /
_cBenjamin Levin.
260 _aEvanston ;
_bNorthwestern University Press ,
_cSummer 2019.
300 _aVolume 109, pages 491-558 ;
_c26 cm.
500 _aThe Journal of Criminal Law and Criminology, vol. 109, no. 3, pages 491-558, Summer 2019.
700 _a Levin, Benjamin.
_eauthhor.
_958529
942 _2ddc
_cPER
999 _c20718
_d20718